Variants of John Quiz Stats

 Plays Quiz Updated Dec 3, 2018

     
Support Sporcle.
Go Orange.
Score 0/18 Timer 05:00
0 Plays Today
Language 'John' % Correct
EnglishJohn
98.3%
SpanishJuan
69.3%
FrenchJean
59.1%
GermanJohannes
49.3%
DutchJan
42.1%
ItalianGiovanni
35.4%
IrishSean
32.6%
Scottish GaelicIan
25.4%
RussianIvan
22.6%
Language 'John' % Correct
WelshEvan
13.9%
PortugueseJoão
11.2%
RomanianIon
11.1%
LithuanianJonas
7.8%
EstonianJaan
4.5%
LatvianJanis
2.8%
ArabicYahya
2.2%
SloveneJanez
2.1%
PersianYohannan
1.2%

From the Vault

Sitcom Living Rooms

by zalkon2004

Looking at all these empty sitcom living rooms just makes us think everyone on our favorite shows have been eaten by zombies.
Remove Ads.
Support Sporcle.
Get the best of Sporcle when you Go Orange. This ad-free experience offers more features, more stats, and more fun while also helping to support Sporcle. Thank you for becoming a member.

Show Comments

Extras

Top Quizzes Today


Score Distribution

Your Account Isn't Verified!

In order to create a playlist on Sporcle, you need to verify the email address you used during registration. Go to your Sporcle Settings to finish the process.

Report this User

Report this user for behavior that violates our Community Guidelines.

Details: